00678nam a2200181 u 450000100100000000500170001000800410002702000180006804000250008608200130011110000470012424501230017126000500029430000190034450000630036350000340042670000360046000004485920240316073920.0100813s2015 dr 000 0 spa d a9789945468564 aDO-SdBNPbspacBNPHU axxxbxxx1 aAcevedo Martínez, Ramón Piñad1922 -10aPensamiento y dinámica de la interpretación jurídica /cRamón Pina Acevedo M. ; editor Andrés Blanco Díaz. aSanto Domingo :bEditora Alfa y Omega,c2015. a2 v. ;c27 cm. aIncluye datos biográficos del autor en la contracubierta aLa biblioteca posee el v. 1-212aBlanco Díaz, Andréseeditor